| 000 | 00451nam a22001697a 4500 | ||
|---|---|---|---|
| 999 |
_c26556 _d26556 |
||
| 003 | BDDh-ASL | ||
| 005 | 20231015030645.0 | ||
| 008 | 211013s1915 ii ||||| |||| 00| 0 u d | ||
| 040 |
_aBDDh-ASL _cBDDh-ASL |
||
| 082 |
_a297.3 _bRAD |
||
| 100 | 1 |
_94996 _aRahmani, Syed Abu Ahmad |
|
| 245 | 1 | 0 | _aDalail-e Haqqani : / دلائل حقانی |
| 260 |
_aDelhi : _c1915. |
||
| 300 |
_a176 p. : _c23 cm. |
||
| 650 | 0 |
_91652 _aIslam |
|
| 942 |
_2ddc _cBK |
||